000 00460nam a2200121Ia 4500
008 160712s9999 xx 000 0 und d
100 _aCatane, Sandra G.
245 _cSandra G. Catane,
_aLaboratory Experiments on Steady State Seepage-Induced Landslides Using Slope Models and Sensors
260 _c2011
_bScience Diliman
300 _avol. 23 no. 1
650 _xSCIENCE
856 _uhttp://journals.upd.edu.ph/index.php/sciencediliman/issue/view/289/showToc
999 _c297643
_d297643